| 000 | 01294nam a22003617a 4500 | ||
|---|---|---|---|
| 001 | 691 | ||
| 005 | 20230630084703.0 | ||
| 008 | 230630b cb ||||| |||| 00| 0 eng d | ||
| 020 | _a9780375834035 (hardcover) | ||
| 020 | _a9780375934032 (lib. bdg.) | ||
| 020 | _a9780375834042 (pbk) | ||
| 040 |
_aDLC _cDLC _dDLC _beng |
||
| 050 | 0 | 0 |
_aPZ7.P2197 _bJqs 2006 |
| 082 | 0 | 0 |
_a[Fic] _222 |
| 100 | 1 | _aPark, Barbara. | |
| 245 | 1 | 0 |
_aJunie B., first grader : _baloha-ha-ha! / _cBarbara Park ; illustrated by Denise Brunkus. |
| 250 | _aFirst Scholastic printing, September 2007 | ||
| 260 |
_aNew York : _bScholastic; _c2007. |
||
| 300 |
_a119 pages : _billustrations ; _c20 cm. |
||
| 490 | 1 |
_aJunie B. Jones series ; _vBook 26 |
|
| 500 | _a"A Stepping Stone book." | ||
| 505 | _aK | ||
| 520 | _aExcitable Junie B. Jones manages to find trouble both before and during a trip to Hawaii and records each incident in a photo journal given to her by her teacher. | ||
| 521 |
_a380
_bLexile |
||
| 521 |
_aK
_bRaz-Plus |
||
| 650 | 1 |
_aVacations _vFiction. |
|
| 650 | 1 |
_aPhotojournalism _vFiction. |
|
| 650 | 1 |
_aSchools _vFiction. |
|
| 650 | 1 |
_aDiaries _vFiction. |
|
| 700 | 1 |
_aBrunkus, Denise, _eillustrator. |
|
| 906 |
_a7 _bcbc _corignew _d1 _eecip _f20 _gy-gencatlg |
||
| 942 |
_2ddc _cBK _n0 |
||
| 999 |
_c691 _d691 |
||